000
00176 a2200097 4500
020
_a
8424321901
041
_a
spa
100
_a
Ricardo Sanchez
245
_a
Numeros
942
_c
K
999
_c
28695
_d
28695